00422nam a2200157Ia 4500008004100000020001500041041000800056082001500064100001400079245005800093250000600151260004400157300001200201650003700213700001400250210716s2005 xx 000 0 und d a8178814226 aeng a332.6 ANIC aAnita, C. aTreasury outsourcing: an introduction.bIntroduction. a1 aHyderabadbICFAI University Pressc2005 axvi,158 aInvestment-Capital Market(332.6) aAnita, C.